| 000 | 00540nam a2200157 a 4500 | ||
|---|---|---|---|
| 001 | 000030770 | ||
| 005 | 20200930062511.0 | ||
| 008 | 110527s1994 000 spa d | ||
| 040 |
_aDO-SdBNP _bspa _cBNPHU |
||
| 082 | _axxxx | ||
| 245 | 0 | 0 |
_aTemas para la agenda política nacional / _ceditora Ramón Brea. |
| 260 |
_aSanto Domingo : _bPontificia Universidad Católica Madre y Maestra, Centro Universitario de Estudios Políticos y Sociales (CUEPS), _c1994. |
||
| 300 |
_a39 p. ; _c22 cm. |
||
| 700 | 1 |
_aBrea, Ramón _957332 |
|
| 049 | _aBNPD | ||
| 999 |
_c30262 _d30262 |
||